EEUU-El Salvador: oposición obrera a la intervención

Guardado en:
書目詳細資料
格式: Texto
標簽: 添加標簽
沒有標簽, 成為第一個標記此記錄!

MARC

LEADER 00000 a a2200000 04500
001 18061
003
040
245 |a EEUU-El Salvador:   |b oposición obrera a la intervención  
773 |g volumen 5, número 22; páginas 254  
999 |c 36463  |d 36463